The statesman's year-book: statistical and historical annual of the states of the world for the year 1972 - 1973
Sparad:
| Huvudupphovsman: | |
|---|---|
| Materialtyp: | Bok |
| Språk: | engelska |
| Publicerad: |
Londres
McMillan St Martin
1972
|
| Upplaga: | 109a. ed |
| Ämnen: | |
| Taggar: |
Lägg till en tagg
Inga taggar, Lägg till första taggen!
|
MARC
| LEADER | 00000nam a2200000 a 4500 | ||
|---|---|---|---|
| 001 | UCU7553 | ||
| 003 | CL-VaPUC | ||
| 008 | 960705e19720000UK |||||||||||||||||eng|d | ||
| 082 | 0 | 4 | |a 050 |b PAX |2 21 |
| 100 | 0 | |a Paxton, John |e author |9 366448 | |
| 245 | 1 | 4 | |a The statesman's year-book: statistical and historical annual of the states of the world for the year 1972 - 1973 |
| 250 | |a 109a. ed | ||
| 300 | |a 1565 p | ||
| 942 | |c BK | ||
| 945 | |d 19960705 00:00:00 |a cmena | ||
| 260 | |a Londres |b McMillan St Martin |c 1972 | ||
| 650 | 0 | |a Anuarios |9 258977 | |
| 650 | 7 | |a PUBLICACIONES SERIADAS |2 CL-VaPUC |9 366449 | |
| 650 | 7 | |a DOCUMENTOS |2 CL-VaPUC |9 366450 | |
| 650 | 0 | |a Medios de comunicación |9 257206 | |
| 583 | |a last modification |c 19960705 00:00:00 |k Rodrigo Vera | ||
| 999 | |c 250161 |d 250159 | ||
| 952 | |0 0 |1 0 |4 0 |6 050_000000000000000_PAX_1972 |7 0 |8 X |9 268010 |a BIBING |b BIBING |d 2019-11-19 |i 1704680 |o 050 PAX 1972 |p 1704680 |r 2025-01-20 |w 2019-11-19 |y BK_X |k GEO | ||